| 000 | 00467nam a2200181Ia 4500 | ||
|---|---|---|---|
| 001 | 7968 | ||
| 003 | IN-NITTTR | ||
| 005 | 20251114233033.0 | ||
| 008 | 251113s9999||||xx |||||||||||||| ||eng|| | ||
| 040 | _beng | ||
| 040 | _cIN-NITTTR | ||
| 041 | _aeng | ||
| 082 | _a621.3137 J199T | ||
| 100 | _aJain, G. C. | ||
| 245 | 0 |
_aTransport properties of solids and solid state energy conversion / _cJain, G. C., Berry, W. B. |
|
| 700 | _a Berry, W. B. | ||
| 942 |
_2ddc _cBK |
||
| 999 |
_c10606 _d10606 |
||